[Event "21st WCh U20 Girls"]
[Site "Nakhchivan AZE"]
[Date "2003.06.24"]
[Round "3"]
[White "Ubiennykh, Ekaterina"]
[Black "Morales Mendoza, Luciana"]
[Result "1-0"]
[WhiteElo "2293"]
[BlackElo "2051"]
[EventDate "2003.06.22"]
[PlyCount "69"]

1.d4 Nf6 2.c4 e6 3.Nf3 b6 4.g3 Bb7 5.Bg2 Be7 6.Nc3 Ne4 7.Bd2 f5 8.O-O O-O 
9.Qc2 Bf6 10.Rad1 d6 11.Ne1 Nxc3 12.Bxc3 Bxg2 13.Nxg2 Nd7 14.Nf4 Qe7 15.e4
g5 16.Ng2 Bg7 17.exf5 exf5 18.f4 g4 19.Rfe1 Qf7 20.b3 Rae8 21.Nh4 Rxe1+ 
22.Rxe1 d5 23.c5 bxc5 24.dxc5 d4 25.Bb4 c6 26.Qe2 Qd5 27.Qe6+ Qxe6 28.Rxe6
Nb8 29.Kf2 Kf7 30.Rd6 Ke7 31.Ba5 Rf7 32.b4 Bf8 33.Ke2 Bg7 34.a4 a6 35.Kd3 
1-0

[Event "21st WCh U20 Girls"]
[Site "Nakhchivan AZE"]
[Date "2003.06.24"]
[Round "3"]
[White "Karavade, Eesha"]
[Black "Topel, Zehra"]
[Result "1-0"]
[WhiteElo "2199"]
[BlackElo "2092"]
[EventDate "2003.06.22"]
[PlyCount "69"]

1.e4 c6 2.d4 d5 3.e5 Bf5 4.Nc3 e6 5.g4 Bg6 6.Nge2 Nd7 7.Be3 Ne7 8.Nf4 c5 
9.h4 cxd4 10.Bxd4 Nc6 11.Bb5 Bxc2 12.Qd2 Nxd4 13.Qxd4 a6 14.Bxd7+ Qxd7 15.
Rc1 Be4 16.Nxe4 dxe4 17.Qxd7+ Kxd7 18.Ke2 Be7 19.Rhd1+ Ke8 20.Rc7 g5 21.
hxg5 Bxg5 22.Nh5 Rg8 23.Rdd7 Rd8 24.Rxf7 Rd2+ 25.Ke1 Rc2 26.Ng7+ Rxg7 27.
Rxg7 Rxc7 28.Rxc7 Bf4 29.Rxh7 b6 30.Rb7 Bxe5 31.Rxb6 Kf7 32.b3 a5 33.Ke2 
Bd4 34.Ra6 Bc3 35.Ke3 1-0

[Event "21st WCh U20 Girls"]
[Site "Nakhchivan AZE"]
[Date "2003.06.24"]
[Round "3"]
[White "Khudaverdieva, Afag"]
[Black "Mamedyarova, Turkan"]
[Result "1-0"]
[WhiteElo "2063"]
[BlackElo "2222"]
[EventDate "2003.06.22"]
[PlyCount "123"]

1.d4 Nf6 2.c4 e6 3.Nc3 Bb4 4.Qc2 c5 5.dxc5 Bxc5 6.Nf3 Qb6 7.e3 Qc7 8.Be2 
a6 9.a3 Be7 10.O-O O-O 11.e4 Nc6 12.b4 Ng4 13.Rd1 Bf6 14.h3 Nge5 15.Be3 
Nxf3+ 16.gxf3 Qe5 17.Rac1 Qh5 18.Kh2 d5 19.f4 Qh4 20.e5 Be7 21.cxd5 exd5 
22.Nxd5 Qxh3+ 23.Kg1 Bf5 24.Qc4 Rac8 25.Bc5 Bxc5 26.bxc5 Rfe8 27.Rc3 Qh4 
28.Kg2 Nxe5 29.fxe5 Be4+ 30.f3 Qg4+ 31.Kf2 Qh4+ 32.Kg2 Qg4+ 33.Kf2 Qh4+ 
34.Ke3 Qg5+ 35.f4 Rxe5 36.fxg5 Bxd5+ 37.Kf4 Bxc4 38.Kxe5 Bxe2 39.Rd7 Rb8 
40.a4 a5 41.Rb3 Ba6 42.Kd6 Re8 43.Rf3 Re6+ 44.Kd5 h6 45.Rfxf7 Rg6 46.gxh6 
gxh6 47.Rc7 Rg5+ 48.Kd4 Rg4+ 49.Ke5 Rg1 50.Rfd7 Re1+ 51.Kf6 Rf1+ 52.Kg6 
Rg1+ 53.Kxh6 Rh1+ 54.Kg5 Rg1+ 55.Kf4 Rf1+ 56.Ke5 Re1+ 57.Kf6 Rf1+ 58.Ke7 
Re1+ 59.Kd8 Rf1 60.Rg7+ Kf8 61.Rge7 Rd1+ 62.Rcd7 1-0

[Event "21st WCh U20 Girls"]
[Site "Nakhchivan AZE"]
[Date "2003.06.24"]
[Round "3"]
[White "Makka, Ioulia"]
[Black "Valickova, Martina"]
[Result "1-0"]
[WhiteElo "2234"]
[BlackElo "2046"]
[EventDate "2003.06.22"]
[PlyCount "89"]

1.e4 e5 2.Nf3 Nc6 3.Bb5 a6 4.Ba4 Nf6 5.Bxc6 dxc6 6.d3 Nd7 7.Be3 c5 8.Nc3 
Bd6 9.O-O Nf8 10.Ne2 Ne6 11.Qd2 O-O 12.Ng3 Re8 13.Kh1 Nd4 14.Ng1 Ne6 15.
N1e2 Qf6 16.Nf5 Nd4 17.Nxd6 cxd6 18.Bxd4 cxd4 19.f4 Qh6 20.Rf2 f5 21.Ng3 
fxe4 22.Nxe4 Rf8 23.fxe5 Qxd2 24.Rxf8+ Kxf8 25.Nxd2 dxe5 26.Re1 Be6 27.
Rxe5 Bxa2 28.Nf3 Rd8 29.Re4 Bd5 30.Rxd4 Ke7 31.Kg1 Bxf3 32.Rxd8 Kxd8 33.
gxf3 Kd7 34.Kf2 Kd6 35.Ke3 Kd5 36.b3 a5 37.c4+ Kc5 38.d4+ Kb4 39.d5 Kc5 
40.Ke4 Kd6 41.Kd4 b6 42.Ke4 h6 43.Kd4 g5 44.Ke4 b5 45.cxb5 1-0

[Event "21st WCh U20 Girls"]
[Site "Nakhchivan AZE"]
[Date "2003.06.24"]
[Round "3"]
[White "Agaeva, Shahana"]
[Black "Ismailova, Aytaj"]
[Result "1-0"]
[WhiteElo "2107"]
[BlackElo "2168"]
[EventDate "2003.06.22"]
[PlyCount "51"]

1.e4 c5 2.c3 d6 3.d4 Nf6 4.Bd3 cxd4 5.cxd4 g6 6.h3 Bg7 7.Nf3 O-O 8.O-O Nc6
9.Nc3 e5 10.dxe5 dxe5 11.Be3 Be6 12.Bb5 Na5 13.Qe2 Nh5 14.Bc5 Nf4 15.Qc2 
Qf6 16.Bxf8 Rxf8 17.Rfd1 Nxh3+ 18.Kf1 Rc8 19.Qa4 Nc4 20.Rac1 Bh6 21.Rc2 
Nxb2 22.Nd5 Bxd5 23.Rxc8+ Kg7 24.Qa3 Qe6 25.Qf8+ Kf6 26.Qd8+ 1-0

[Event "21st WCh U20 Girls"]
[Site "Nakhchivan AZE"]
[Date "2003.06.24"]
[Round "3"]
[White "Van der Merwe, Cecile"]
[Black "Mammadova, Nargiz"]
[Result "0-1"]
[WhiteElo "2068"]
[BlackElo "2122"]
[EventDate "2003.06.22"]
[PlyCount "68"]

1.e4 c5 2.Nc3 Nc6 3.f4 g6 4.Nf3 Bg7 5.Bb5 Nd4 6.Bd3 d6 7.Nxd4 cxd4 8.Ne2 
Nf6 9.O-O O-O 10.c3 dxc3 11.dxc3 b5 12.Nd4 b4 13.Kh1 bxc3 14.bxc3 e5 15.
Nf3 exf4 16.Bxf4 Nh5 17.Bd2 Bg4 18.Rb1 d5 19.Qc2 dxe4 20.Bxe4 Rc8 21.Rb7 
Nf6 22.Bd3 Nd5 23.c4 Re8 24.Qb3 Ne3 25.Rf2 Rc7 26.Rb5 Rd7 27.Ne1 Bd1 28.
Qa3 Ng4 29.Rf1 Qh4 30.h3 Qg3 31.Bf4 Nf2+ 32.Kg1 Nxh3+ 33.Kh1 Nxf4 34.Rg1 
Qh4# 0-1

[Event "21st WCh U20 Girls"]
[Site "Nakhchivan AZE"]
[Date "2003.06.24"]
[Round "3"]
[White "Charbonneau, Anne-Marie"]
[Black "Rajmohan, Mahima"]
[Result "1-0"]
[WhiteElo "2052"]
[BlackElo "2104"]
[EventDate "2003.06.22"]
[PlyCount "129"]

1.d4 Nf6 2.c4 d6 3.Nc3 e5 4.Nf3 Nbd7 5.e4 Be7 6.Be2 c6 7.O-O O-O 8.Re1 Qc7
9.Bf1 Re8 10.Bg5 Nf8 11.Rc1 Bg4 12.d5 h6 13.Be3 g5 14.b4 a5 15.b5 c5 16.a4
b6 17.Be2 Bd7 18.Nd2 Ng6 19.g3 Kg7 20.Kg2 Qc8 21.Rh1 Bh3+ 22.Kg1 Rg8 23.
Bf1 Bd7 24.Bg2 Ng4 25.Nf1 h5 26.h3 Nh6 27.Qd2 f6 28.h4 Nf7 29.hxg5 fxg5 
30.Rxh5 Rh8 31.Rxh8 Qxh8 32.Nh2 Qh7 33.Nf3 Qh5 34.Kf1 g4 35.Ne1 Ng5 36.Ke2
Nh3 37.Kd3 Rf8 38.Kc2 Bg5 39.Nd3 Qh6 40.Bxg5 Qxg5 41.Qxg5 Nxg5 42.Rh1 Nh3 
43.Nd1 Ng5 44.Kd2 Rh8 45.Rxh8 Kxh8 46.Ke2 Kg7 47.Ne3 Ne7 48.Ne1 Ng8 49.Kd3
Nh3 50.Bxh3 gxh3 51.Nf1 Kh6 52.f3 Nf6 53.Ke3 Nh5 54.Kf2 Nf6 55.g4 Nh7 56.
Kg3 Ng5 57.Nh2 Nh7 58.Nd3 Ng5 59.Nf2 Kg6 60.Nxh3 Nxh3 61.Kxh3 Kg5 62.Kg3 
Be8 63.Nf1 Bg6 64.Ne3 Bh7 65.Nf5 1-0

[Event "21st WCh U20 Girls"]
[Site "Nakhchivan AZE"]
[Date "2003.06.24"]
[Round "3"]
[White "Saheli, Nath"]
[Black "Umudova, Nargiz"]
[Result "1-0"]
[WhiteElo "2078"]
[BlackElo "1922"]
[EventDate "2003.06.22"]
[PlyCount "71"]

1.b3 e5 2.Bb2 d6 3.g3 Nf6 4.Bg2 g6 5.c4 Bg7 6.Nc3 Nc6 7.a3 a5 8.e3 O-O 9.
Nge2 Re8 10.O-O e4 11.d4 Bf5 12.Nf4 Qd7 13.Qd2 h5 14.h4 Bg4 15.Ncd5 Nh7 
16.f3 exf3 17.Bxf3 Bxf3 18.Rxf3 g5 19.Ng2 Re4 20.Raf1 Rf8 21.Qf2 Nd8 22.
Rf5 Rg4 23.Qf3 Re8 24.Kh1 Re6 25.Nc3 Rg6 26.Ne4 gxh4 27.Nxh4 Ng5 28.Nxg5 
R6xg5 29.Rxg5 Rxg5 30.Nf5 Ne6 31.Kh2 Rg4 32.Qxb7 Ng5 33.Qa8+ Kh7 34.Nxg7 
h4 35.Nh5 Ne4 36.Qxe4+ 1-0

[Event "21st WCh U20 Girls"]
[Site "Nakhchivan AZE"]
[Date "2003.06.25"]
[Round "4"]
[White "Calotescu, Ana-Cristina"]
[Black "Dzagnidze, Nana"]
[Result "0-1"]
[WhiteElo "2334"]
[BlackElo "2376"]
[EventDate "2003.06.22"]
[PlyCount "76"]

1.c4 e5 2.g3 Nf6 3.Bg2 d5 4.cxd5 Nxd5 5.Nf3 Nc6 6.O-O Be7 7.d3 O-O 8.a3 
Be6 9.Qc2 Nd4 10.Qd1 f6 11.Nbd2 a5 12.e3 Nc6 13.Qc2 Nb6 14.b3 Qd7 15.Bb2 
Bf5 16.Ne4 Bg6 17.Rfd1 Qe6 18.Nfd2 Bh5 19.Re1 Rfd8 20.Nc4 Qd7 21.Bf1 Nd5 
22.Nc3 Kh8 23.Nxd5 Qxd5 24.Nd2 Bg6 25.Ne4 f5 26.Nc3 Qd7 27.f4 exf4 28.gxf4
Bh4 29.Red1 Re8 30.Bc1 Bh5 31.Be2 Nd4 32.Qb2 Nxe2+ 33.Nxe2 Re6 34.h3 Qc6 
35.e4 Qb6+ 36.d4 Rxe4 37.Rd2 Qg6+ 38.Kf1 Bf3 0-1

[Event "21st WCh U20 Girls"]
[Site "Nakhchivan AZE"]
[Date "2003.06.25"]
[Round "4"]
[White "Sergeeva, Maria"]
[Black "Shukurova, Meihriban"]
[Result "1/2-1/2"]
[WhiteElo "2340"]
[BlackElo "2250"]
[EventDate "2003.06.22"]
[PlyCount "102"]

1.e4 e5 2.Nf3 Nc6 3.Bb5 a6 4.Ba4 Nf6 5.O-O b5 6.Bb3 Bb7 7.c3 Nxe4 8.d4 Na5
9.Bc2 exd4 10.Nxd4 c5 11.Re1 d5 12.f3 cxd4 13.fxe4 dxe4 14.Bxe4 Bxe4 15.
Rxe4+ Be7 16.cxd4 O-O 17.Bf4 Ra7 18.Nd2 f5 19.Re2 Bf6 20.Nf3 Rd7 21.Qc2 
Nc4 22.Be5 Qb6 23.Kh1 Bxe5 24.dxe5 Re7 25.Rae1 f4 26.Qe4 Ne3 27.g3 Ng4 28.
Qd5+ Kh8 29.gxf4 Rd8 30.Qb3 Nf2+ 31.Rxf2 Qxf2 32.Rc1 Red7 33.e6 Re7 34.f5 
h6 35.a3 Rf8 36.Qd3 Qxb2 37.Rf1 Qf6 38.Qd6 Kh7 39.Nd2 Ree8 40.Ne4 Qh4 41.
Qe5 Qh3 42.Kg1 Qg4+ 43.Kh1 Qh3 44.Ng3 Rf6 45.Qe4 Rd8 46.Qf4 Re8 47.Qe4 Rd8
48.Qe2 Re8 49.Qe4 Rd8 50.Qe2 Re8 51.Qe4 Rd8 1/2-1/2

[Event "21st WCh U20 Girls"]
[Site "Nakhchivan AZE"]
[Date "2003.06.25"]
[Round "4"]
[White "Tania, Sachdev"]
[Black "Ubiennykh, Ekaterina"]
[Result "1/2-1/2"]
[WhiteElo "2245"]
[BlackElo "2293"]
[EventDate "2003.06.22"]
[PlyCount "111"]

1.e4 c5 2.Nf3 e6 3.d4 cxd4 4.Nxd4 Nc6 5.Nc3 Qc7 6.Be3 a6 7.Bd3 Bd6 8.Qg4 
Be5 9.Nxc6 dxc6 10.f4 h5 11.Qf3 Bxc3+ 12.bxc3 c5 13.Qg3 g6 14.Rd1 h4 15.
Qf2 b6 16.f5 Ne7 17.O-O h3 18.g3 gxf5 19.Bg5 Bb7 20.Bxe7 Kxe7 21.c4 Rag8 
22.Rde1 Qc6 23.Qd2 b5 24.cxb5 axb5 25.Rb1 c4 26.Qb4+ Qd6 27.Bxc4 Qxb4 28.
Rxb4 Bxe4 29.Bd3 Bxd3 30.cxd3 Ra8 31.Rf2 Rhc8 32.Rd2 Rc1+ 33.Kf2 Ra1 34.
Rxb5 R8xa2 35.Rbb2 Rxb2 36.Rxb2 Rd1 37.Ke2 Rg1 38.Kf3 Kf6 39.d4 Kg5 40.Rb7
Rf1+ 41.Ke3 Kg6 42.Rb2 f6 43.Rd2 Re1+ 44.Kf3 Kf7 45.d5 e5 46.d6 e4+ 47.Kf2
Rh1 48.Ke3 Ke8 49.Rf2 Kd7 50.Rxf5 Rxh2 51.Kxe4 Rh1 52.Rf2 Re1+ 53.Kf5 Re3 
54.Kg4 h2 55.Rxh2 Kxd6 56.Kf4 1/2-1/2

[Event "21st WCh U20 Girls"]
[Site "Nakhchivan AZE"]
[Date "2003.06.25"]
[Round "4"]
[White "Mamedyarova, Zeinab"]
[Black "Karavade, Eesha"]
[Result "1/2-1/2"]
[WhiteElo "2298"]
[BlackElo "2199"]
[EventDate "2003.06.22"]
[PlyCount "80"]

1.e4 c5 2.c3 Nf6 3.e5 Nd5 4.Nf3 e6 5.Bc4 Nb6 6.Bb3 d6 7.O-O Nc6 8.d4 dxe5 
9.dxe5 Qxd1 10.Rxd1 c4 11.Bc2 g6 12.Be4 Bd7 13.Bg5 Bg7 14.Na3 Na5 15.Rd4 
O-O 16.Be7 Rfc8 17.Rad1 Bc6 18.Kf1 Bd5 19.Bd6 a6 20.Bxd5 Nxd5 21.Rh4 b5 
22.Nc2 Nc6 23.Ne3 Nxe3+ 24.fxe3 Rd8 25.Ke2 Rd7 26.Rd2 Rad8 27.Re4 Bf8 28.
Nd4 Na7 29.Bxf8 Kxf8 30.Rc2 Rc8 31.g4 h6 32.Rc1 Rd5 33.Rf1 Kg7 34.h4 Nc6 
35.Nxc6 Rxc6 36.Rd4 Rcc5 37.Rdf4 Rc7 38.Re4 Rcc5 39.Ref4 Rc7 40.Re4 Rcc5 
1/2-1/2

[Event "21st WCh U20 Girls"]
[Site "Nakhchivan AZE"]
[Date "2003.06.25"]
[Round "4"]
[White "Harika, Dronavalli"]
[Black "Agaeva, Shahana"]
[Result "1-0"]
[WhiteElo "2294"]
[BlackElo "2107"]
[EventDate "2003.06.22"]
[PlyCount "85"]

1.Nf3 Nf6 2.c4 g6 3.g3 Bg7 4.Bg2 O-O 5.O-O d6 6.d4 Nbd7 7.Nc3 e5 8.e4 Re8 
9.h3 c6 10.Re1 Qc7 11.Be3 Nf8 12.Qc2 Bd7 13.c5 exd4 14.cxd6 Qc8 15.Bxd4 
Bxh3 16.Rad1 Bxg2 17.Kxg2 Qd8 18.Nb1 Ne6 19.Bc3 Nd7 20.Nbd2 Ng5 21.Bxg7 
Nxf3 22.Nxf3 Kxg7 23.Qc3+ Kg8 24.e5 Nb6 25.Qd2 Kg7 26.Qd4 Re6 27.Qg4 h5 
28.Qe4 Nd5 29.Nd4 Re8 30.f4 Qb6 31.Re2 Rad8 32.Qf3 Qc5 33.f5 b5 34.fxg6 
fxg6 35.Nxc6 Qxc6 36.Qxd5 Qxd5+ 37.Rxd5 a6 38.e6 Kf6 39.e7 Rd7 40.Rd1 Kf7 
41.Rf1+ Kg7 42.Re6 a5 43.Ref6 1-0

[Event "21st WCh U20 Girls"]
[Site "Nakhchivan AZE"]
[Date "2003.06.25"]
[Round "4"]
[White "Khudaverdieva, Afag"]
[Black "Makka, Ioulia"]
[Result "1-0"]
[WhiteElo "2063"]
[BlackElo "2234"]
[EventDate "2003.06.22"]
[PlyCount "80"]

1.d4 d5 2.c4 e6 3.Nc3 Be7 4.Nf3 Nf6 5.Bg5 O-O 6.cxd5 exd5 7.e3 c6 8.Qc2 
Nbd7 9.Bd3 Re8 10.O-O a5 11.h3 Nf8 12.Rae1 Be6 13.Ne5 N6d7 14.Bxe7 Qxe7 
15.f4 f6 16.Nf3 Qd6 17.Qf2 Bf7 18.Nh4 b5 19.g4 b4 20.Ne2 c5 21.Ng3 c4 22.
Bb1 a4 23.Nhf5 Qc7 24.Nh5 Ne6 25.e4 Bxh5 26.gxh5 dxe4 27.Bxe4 Ra5 28.d5 
Nec5 29.d6 Qb8 30.Bd5+ Kh8 31.Qg2 g5 32.hxg6 hxg6 33.Ne7 Nf8 34.Nxg6+ Nxg6
35.Qxg6 Ne6 36.Qxf6+ Kh7 37.Rxe6 Rxe6 38.Qxe6 Qa7+ 39.Kh2 Qg7 40.Be4+ Kh8 
1-0

[Event "21st WCh U20 Girls"]
[Site "Nakhchivan AZE"]
[Date "2003.06.25"]
[Round "4"]
[White "Ismailova, Aytaj"]
[Black "Mammadova, Nargiz"]
[Result "1-0"]
[WhiteElo "2168"]
[BlackElo "2122"]
[EventDate "2003.06.22"]
[PlyCount "101"]

1.e4 c5 2.Nf3 d6 3.d4 cxd4 4.Nxd4 Nf6 5.Nc3 e6 6.Be3 a6 7.f3 b5 8.Qd2 Bb7 
9.g4 e5 10.Nb3 d5 11.Nxd5 Nxd5 12.O-O-O Nd7 13.exd5 Nf6 14.Qc3 Bd6 15.Bg5 
Qc7 16.Qxc7 Bxc7 17.Bxf6 gxf6 18.Nc5 Rb8 19.a4 Bb6 20.Ne4 b4 21.Nd6+ Ke7 
22.Nxb7 Rxb7 23.Bxa6 Rd7 24.Bb5 Rdd8 25.Bc6 Kd6 26.Kd2 h5 27.h3 f5 28.gxf5
Rhg8 29.Ra1 Rg2+ 30.Kd3 Rdg8 31.a5 Ba7 32.Ra4 Rf2 33.Rxb4 Rg3 34.c3 Rgxf3+
35.Kc4 Rd2 36.Rb7 Rf4+ 37.Kb3 Be3 38.a6 Rff2 39.Rb1 e4 40.a7 Bxa7 41.Rxa7 
e3 42.Kc4 e2 43.Re1 Ke5 44.Kc5 Kf6 45.Bb5 Rxf5 46.Rd7 Re5 47.Kc6 Kg6 48.
Rxe2 Rexe2 49.Bxe2 Rxe2 50.d6 f5 51.Re7 1-0

[Event "21st WCh U20 Girls"]
[Site "Nakhchivan AZE"]
[Date "2003.06.25"]
[Round "4"]
[White "Mamedyarova, Turkan"]
[Black "Van der Merwe, Cecile"]
[Result "1-0"]
[WhiteElo "2222"]
[BlackElo "2068"]
[EventDate "2003.06.22"]
[PlyCount "77"]

1.e4 e6 2.d4 d5 3.Nd2 c5 4.Ngf3 Nf6 5.e5 Nfd7 6.c3 Nc6 7.Be2 Be7 8.Nf1 Qb6
9.a3 a5 10.Ng3 a4 11.O-O Na5 12.dxc5 Nxc5 13.Nh5 g6 14.Nf6+ Bxf6 15.exf6 
Nab3 16.Rb1 Ne4 17.Bh6 Bd7 18.Ne5 Bc6 19.Bg4 Qc7 20.Nd3 g5 21.Bg7 Rg8 22.
Qe2 Nbd2 23.f3 Qb6+ 24.Kh1 Nxf1 25.Rxf1 O-O-O 26.fxe4 dxe4 27.Ne5 Bb5 28.
c4 Qd4 29.Nxf7 Bxc4 30.Rc1 b5 31.Nxd8 Rxd8 32.Bxe6+ Kb8 33.Bxc4 bxc4 34.h3
Qd3 35.Re1 Qd4 36.Qxe4 Qf2 37.Qe5+ Kb7 38.Qe7+ Kc8 39.f7 1-0

[Event "21st WCh U20 Girls"]
[Site "Nakhchivan AZE"]
[Date "2003.06.25"]
[Round "4"]
[White "Topel, Zehra"]
[Black "Nowak, Dominika"]
[Result "1-0"]
[WhiteElo "2092"]
[BlackElo "2098"]
[EventDate "2003.06.22"]
[PlyCount "67"]

1.d4 Nf6 2.Nf3 g6 3.c4 Bg7 4.Nc3 O-O 5.e4 d6 6.Be2 e5 7.O-O Nc6 8.d5 Ne7 
9.b4 Nh5 10.c5 Nf4 11.Nd2 a6 12.Nc4 Nxe2+ 13.Qxe2 f5 14.f3 f4 15.cxd6 cxd6
16.b5 g5 17.bxa6 b5 18.Nxb5 Bxa6 19.Qb2 Rc8 20.Ncxd6 Rc5 21.a4 Rf6 22.Qf2 
Rxc1 23.Rfxc1 Rxd6 24.Nxd6 Qxd6 25.Qc5 Qxc5+ 26.Rxc5 Bf8 27.Rc7 Nc8 28.
Rac1 Nd6 29.R1c6 Bd3 30.Rd7 Nf7 31.Rc3 Be2 32.Kf2 Bd1 33.a5 Ba4 34.Rxf7 
1-0

[Event "21st WCh U20 Girls"]
[Site "Nakhchivan AZE"]
[Date "2003.06.25"]
[Round "4"]
[White "Saheli, Nath"]
[Black "Charbonneau, Anne-Marie"]
[Result "1-0"]
[WhiteElo "2078"]
[BlackElo "2052"]
[EventDate "2003.06.22"]
[PlyCount "113"]

1.e4 c5 2.Nf3 e6 3.d4 cxd4 4.Nxd4 Nf6 5.Nc3 d6 6.Be2 Be7 7.O-O O-O 8.f4 a6
9.a4 Nc6 10.Be3 Qc7 11.Kh1 Re8 12.Bf3 Rb8 13.g4 Nd7 14.Nb3 b6 15.Bg2 Bb7 
16.g5 Nc5 17.Nxc5 bxc5 18.f5 Ne5 19.f6 Bf8 20.Bf4 Red8 21.Bxe5 dxe5 22.Qe2
Rd4 23.Rf3 Rbd8 24.Rh3 g6 25.Qg4 Rd2 26.Qh4 h6 27.Rc1 Qb6 28.b3 Qb4 29.Qg3
Qa3 30.Qe1 Qb2 31.Bf1 Rxc2 32.Rb1 Qa3 33.gxh6 Kh7 34.Bc4 Qb4 35.Rc1 Rdd2 
36.Rxc2 Rxc2 37.Qe3 Qa3 38.Ne2 Qa1+ 39.Kg2 Qd1 40.Kf2 Qd2 41.Kf3 Qxe3+ 42.
Kxe3 Bxh6+ 43.Kd3 Rd2+ 44.Kc3 Bxe4 45.Rxh6+ Kxh6 46.Kxd2 Bb7 47.h4 Bd5 48.
Nc3 Bxc4 49.bxc4 Kh5 50.Ne4 Kxh4 51.Nxc5 Kg5 52.Ne4+ Kf5 53.Ke3 g5 54.c5 
g4 55.c6 g3 56.Nxg3+ Kxf6 57.c7 1-0

[Event "21st WCh U20 Girls"]
[Site "Nakhchivan AZE"]
[Date "2003.06.25"]
[Round "4"]
[White "Yilmaz, Ezgi"]
[Black "Valickova, Martina"]
[Result "0-1"]
[WhiteElo "1986"]
[BlackElo "2046"]
[EventDate "2003.06.22"]
[PlyCount "94"]

1.e4 e5 2.Nf3 Nc6 3.Bc4 Nf6 4.d3 d5 5.exd5 Nxd5 6.c3 Nb6 7.Bb3 Be7 8.h3 
O-O 9.O-O Bf5 10.Bc2 Qd6 11.Na3 Qg6 12.Kh1 Rad8 13.Ne1 h5 14.Qf3 Nd5 15.
Nc4 Qf6 16.Qxh5 Bg6 17.Qg4 b5 18.Nd2 Bf5 19.Qf3 Qg6 20.Ne4 Be6 21.Ng3 f5 
22.Nh5 a6 23.Ng3 Bc5 24.a3 Rd7 25.Bd2 Rfd8 26.Rd1 Nde7 27.Bc1 Bd5 28.Qe2 
Bd6 29.Bd2 Rf8 30.Bc1 Nc8 31.b4 Be7 32.a4 Bh4 33.Nh5 f4 34.d4 f3 35.Qxf3 
Bxf3 36.Bxg6 Bxd1 37.axb5 axb5 38.Be4 N8e7 39.Nf3 Bxf3 40.Bxf3 exd4 41.
cxd4 Nxd4 42.Bg4 Rd6 43.g3 Bf6 44.Nxf6+ Rfxf6 45.Bg5 Rf7 46.Bf4 Ra6 47.Rd1
Ne6 0-1

[Event "21st WCh U20 Girls"]
[Site "Nakhchivan AZE"]
[Date "2003.06.25"]
[Round "4"]
[White "Umudova, Nargiz"]
[Black "Rajmohan, Mahima"]
[Result "0-1"]
[WhiteElo "1922"]
[BlackElo "2104"]
[EventDate "2003.06.22"]
[PlyCount "74"]

1.e4 c5 2.Nf3 Nc6 3.d4 cxd4 4.Nxd4 Nf6 5.Nc3 e5 6.Ndb5 d6 7.a4 a6 8.Na3 
Be6 9.Bg5 Be7 10.Bxf6 Bxf6 11.Bc4 O-O 12.O-O Bg5 13.Nd5 Kh8 14.c3 g6 15.
Qe2 Ne7 16.Rfd1 Nc8 17.b4 f5 18.a5 fxe4 19.Nb6 Nxb6 20.Bxe6 Qe7 21.Bb3 Nd7
22.Nc4 Rf6 23.Qxe4 Raf8 24.f3 Nb8 25.Nb6 Qg7 26.Nd5 R6f7 27.Rd3 Qh6 28.
Rad1 Nc6 29.Qe2 Qh5 30.Nb6 Rf4 31.Be6 e4 32.Rxd6 exf3 33.gxf3 Rxf3 34.Re1 
Be3+ 35.Kh1 Qh4 36.h3 Qe4 37.Qg2 Rf1+ 0-1

[Event "21st WCh U20 Girls"]
[Site "Nakhchivan AZE"]
[Date "2003.06.26"]
[Round "5"]
[White "Dzagnidze, Nana"]
[Black "Harika, Dronavalli"]
[Result "1-0"]
[WhiteElo "2376"]
[BlackElo "2294"]
[EventDate "2003.06.22"]
[PlyCount "171"]

1.d4 Nf6 2.Nf3 g6 3.Bg5 Bg7 4.Nbd2 O-O 5.e4 d5 6.exd5 Qxd5 7.Bc4 Qf5 8.O-O
c5 9.Nb3 cxd4 10.Nbxd4 Qc5 11.Qe2 Bg4 12.Be3 Qc7 13.h3 Bxf3 14.Nxf3 Nc6 
15.a3 Nd7 16.c3 Nde5 17.Nxe5 Bxe5 18.f4 Bf6 19.f5 Ne5 20.Ba2 Rac8 21.Bd4 
Nd7 22.Be3 Ne5 23.Rae1 Nc4 24.Bxc4 Qxc4 25.Qxc4 Rxc4 26.Bxa7 b6 27.Rd1 Rc7
28.Bxb6 Rb7 29.Ba5 Rxb2 30.fxg6 fxg6 31.Bb4 Rc2 32.Rc1 Ra2 33.Rce1 Rf7 34.
Rf3 Kg7 35.Ref1 Rf8 36.R3f2 Rxf2 37.Rxf2 Rd8 38.a4 Rd1+ 39.Rf1 Rd3 40.Rc1 
Bg5 41.Rc2 Rd1+ 42.Kf2 Ra1 43.a5 Bf4 44.Bxe7 Rxa5 45.c4 Kf7 46.Bb4 Ra4 47.
Bc5 Ke6 48.Kf3 Bc7 49.Ke4 Ra1 50.Be3 Kd7 51.Kd5 Ra3 52.Bd4 Rg3 53.Rf2 Rg5+
54.Ke4 Bd8 55.Ra2 Bc7 56.g4 h5 57.Bf6 Rc5 58.Kd3 hxg4 59.hxg4 Rc6 60.Bd4 
Re6 61.Ra1 Rc6 62.Ra7 Re6 63.c5 Kc8 64.Ra8+ Kb7 65.Rg8 Kc6 66.Kc4 Bg3 67.
Ra8 Kb7 68.Ra3 Bb8 69.Kd5 Re8 70.Rb3+ Kc8 71.Rb6 Rd8+ 72.Ke4 Rg8 73.Be5 
Ba7 74.Rc6+ Kb7 75.Rc7+ Ka6 76.Kd5 Ra8 77.Bd6 Rg8 78.g5 Bb8 79.Rc6+ Ka7 
80.Bxb8+ Kxb8 81.Ke6 Rf8 82.Ke7 Rf5 83.Rxg6 Rxc5 84.Rg8+ Kc7 85.g6 Rf5 86.
Ra8 1-0

[Event "21st WCh U20 Girls"]
[Site "Nakhchivan AZE"]
[Date "2003.06.26"]
[Round "5"]
[White "Mamedyarova, Zeinab"]
[Black "Calotescu, Ana-Cristina"]
[Result "1-0"]
[WhiteElo "2298"]
[BlackElo "2334"]
[EventDate "2003.06.22"]
[PlyCount "69"]

1.d4 Nf6 2.c4 g6 3.Nc3 Bg7 4.e4 d6 5.f4 c5 6.d5 O-O 7.Be2 e6 8.Nf3 exd5 9.
cxd5 Bg4 10.O-O Bxf3 11.Bxf3 Nbd7 12.Be3 Ne8 13.Rf2 Rb8 14.a4 a6 15.a5 Nc7
16.Be2 Re8 17.e5 dxe5 18.f5 b6 19.d6 Nb5 20.fxg6 fxg6 21.Ne4 h6 22.Qd5+ 
Kh8 23.Bxb5 axb5 24.a6 Ra8 25.a7 Nf6 26.Nxf6 Bxf6 27.Qf7 Bh4 28.g3 Qxd6 
29.gxh4 Qe6 30.Qxe6 Rxe6 31.Bxh6 Ree8 32.Rf7 e4 33.Rb7 b4 34.Bf4 c4 35.Rb8
1-0

[Event "21st WCh U20 Girls"]
[Site "Nakhchivan AZE"]
[Date "2003.06.26"]
[Round "5"]
[White "Ismailova, Aytaj"]
[Black "Sergeeva, Maria"]
[Result "1-0"]
[WhiteElo "2168"]
[BlackElo "2340"]
[EventDate "2003.06.22"]
[PlyCount "81"]

1.e4 c5 2.Nf3 d6 3.d4 cxd4 4.Nxd4 Nf6 5.Nc3 a6 6.f3 Qb6 7.Nb3 e6 8.Qe2 Nc6
9.Be3 Qc7 10.g4 b5 11.Qf2 Nd7 12.O-O-O Be7 13.h4 Nce5 14.Kb1 Bb7 15.Bd3 
Rc8 16.g5 Nc5 17.Nxc5 dxc5 18.Bf1 O-O 19.Bh3 Nc4 20.Bc1 b4 21.Ne2 a5 22.h5
Rce8 23.Rhg1 f5 24.exf5 exf5 25.Nf4 Bd6 26.Nd5 Bxd5 27.Rxd5 Re5 28.Rxe5 
Bxe5 29.Qe2 Nb6 30.Re1 Bd4 31.Qe6+ Kh8 32.Bxf5 Qd8 33.Qe4 Na4 34.Bxh7 Bxb2
35.Bxb2 Nc3+ 36.Bxc3 bxc3 37.Ka1 Qb6 38.Rb1 Qd6 39.Qg6 Qc7 40.Qe4 Rb8 41.
Bg6 1-0

[Event "21st WCh U20 Girls"]
[Site "Nakhchivan AZE"]
[Date "2003.06.26"]
[Round "5"]
[White "Agaeva, Shahana"]
[Black "Tania, Sachdev"]
[Result "0-1"]
[WhiteElo "2107"]
[BlackElo "2245"]
[EventDate "2003.06.22"]
[PlyCount "74"]

1.e4 c5 2.c3 Nf6 3.e5 Nd5 4.d4 cxd4 5.Nf3 Nc6 6.Bc4 Nb6 7.Bb3 d6 8.exd6 
Qxd6 9.cxd4 Be6 10.O-O Bxb3 11.Qxb3 e6 12.Nc3 Rd8 13.Be3 Be7 14.d5 Nxd5 
15.Nxd5 Qxd5 16.Qxb7 Rb8 17.Qa6 O-O 18.Rfc1 Ne5 19.Nxe5 Qxe5 20.b3 Ra8 21.
g3 g5 22.Rab1 Rfd8 23.Rc6 h5 24.Rbc1 h4 25.Rc7 Rd1+ 26.Rxd1 Qxc7 27.Rc1 
Qd7 28.Qc4 f5 29.Qc7 Rd8 30.Qxa7 Qd6 31.Qc7 Qa3 32.Qa7 Qb4 33.Qa4 Qd6 34.
Qc6 Qe5 35.Qc7 Rd1+ 36.Kg2 h3+ 37.Kxh3 g4+ 0-1

[Event "21st WCh U20 Girls"]
[Site "Nakhchivan AZE"]
[Date "2003.06.26"]
[Round "5"]
[White "Rajmohan, Mahima"]
[Black "Makka, Ioulia"]
[Result "0-1"]
[WhiteElo "2104"]
[BlackElo "2234"]
[EventDate "2003.06.22"]
[PlyCount "98"]

1.e4 c6 2.d4 d5 3.exd5 cxd5 4.c4 Nf6 5.Nc3 e6 6.Nf3 Bb4 7.Qc2 Nc6 8.a3 Be7
9.Be3 O-O 10.c5 Ng4 11.Bd3 f5 12.b4 Bf6 13.Rd1 Qe8 14.O-O Qh5 15.Ne2 g5 
16.h3 Nxe3 17.fxe3 Qh6 18.Nh2 Bd8 19.Rf3 Bc7 20.Ng3 Ne7 21.Ngf1 Bd7 22.Rd2
Ng6 23.g4 Nh4 24.Rff2 Rf7 25.gxf5 exf5 26.Nf3 Raf8 27.Nxh4 Qxh4 28.Rf3 g4 
29.hxg4 fxg4 30.Rxf7 Rxf7 31.Rf2 Rf3 32.Rxf3 gxf3 33.Qf2 Qg4+ 34.Kh1 Qh3+ 
35.Kg1 Bg4 36.Bc2 h5 37.Bb3 h4 38.Bxd5+ Kh8 39.Bxf3 Bxf3 40.Nh2 Bg3 41.Qb2
Bxh2+ 42.Qxh2 Qg3+ 43.Qxg3 hxg3 44.b5 Kg7 45.a4 Kf6 46.a5 Ke6 47.c6 bxc6 
48.b6 axb6 49.axb6 Kd6 0-1

[Event "21st WCh U20 Girls"]
[Site "Nakhchivan AZE"]
[Date "2003.06.26"]
[Round "5"]
[White "Valickova, Martina"]
[Black "Ubiennykh, Ekaterina"]
[Result "1-0"]
[WhiteElo "2046"]
[BlackElo "2293"]
[EventDate "2003.06.22"]
[PlyCount "67"]

1.e4 c5 2.Nf3 Nc6 3.Nc3 g6 4.d4 cxd4 5.Nxd4 Bg7 6.Be3 Nf6 7.Be2 O-O 8.O-O 
d6 9.h3 Nd7 10.Qd2 Re8 11.Rad1 Nb6 12.f4 Bd7 13.Nd5 Qc8 14.c3 e6 15.Nxb6 
axb6 16.Nb5 Re7 17.Nxd6 Qd8 18.Nc4 Ra6 19.Ne5 Nxe5 20.Bxa6 bxa6 21.fxe5 
Bxe5 22.Bg5 f6 23.Bxf6 Bxf6 24.Rxf6 Qe8 25.Qd6 Bc6 26.Rdf1 Kg7 27.Qe5 Kg8 
28.h4 Bb5 29.R1f2 Qd8 30.Rf8+ Qxf8 31.Rxf8+ Kxf8 32.Qh8+ Kf7 33.Qxh7+ Kf6 
34.e5+ 1-0

[Event "21st WCh U20 Girls"]
[Site "Nakhchivan AZE"]
[Date "2003.06.26"]
[Round "5"]
[White "Shukurova, Meihriban"]
[Black "Saheli, Nath"]
[Result "1/2-1/2"]
[WhiteElo "2250"]
[BlackElo "2078"]
[EventDate "2003.06.22"]
[PlyCount "71"]

1.e4 e5 2.Nf3 Nc6 3.Bb5 a6 4.Ba4 Nf6 5.d3 b5 6.Bb3 Bc5 7.c3 Bb6 8.Nbd2 O-O
9.O-O d6 10.Re1 Ne7 11.Nf1 Ng6 12.Ng3 h6 13.h3 Be6 14.d4 Bxb3 15.axb3 exd4
16.Nxd4 Bxd4 17.cxd4 c5 18.Be3 Qb6 19.dxc5 dxc5 20.b4 Qc6 21.Bxc5 Rfd8 22.
Qc2 Nd7 23.Qc3 Nde5 24.Nf5 Rd3 25.Qc1 Rad8 26.h4 Qe6 27.h5 Nf8 28.Qf4 Nh7 
29.Ne7+ Kh8 30.Nd5 Ng5 31.Nc7 Nef3+ 32.Kh1 Qd7 33.Rf1 Nd2 34.Rfe1 Ndf3 35.
Rf1 Nd2 36.Rfe1 1/2-1/2